| 000 | 00906nam a2200241 i 4500 | ||
|---|---|---|---|
| 001 | 186277 | ||
| 003 | SpMaBN | ||
| 005 | 20231204120533.0 | ||
| 008 | 161003s2013 sp |||| | spa d | ||
| 020 | _a978-84-92705-25-2 | ||
| 080 | _a821.134.2(83)-14"19" | ||
| 100 | 1 |
_aLastra, Pedro. _9150088 |
|
| 245 | 1 | 0 |
_aAl fin del día _b: 1958-2013 : [poesía completa] / _cPedro Lastra ; prólogo y edición de Francisco José Cruz. |
| 260 |
_aSevilla : _bSibilina, _c[2013] |
||
| 300 |
_a159 p. ; _c21 cm. |
||
| 490 | 1 |
_aBiblioteca Sibila-Fundación BBVA de poesía en español ; _v36 |
|
| 700 | 1 |
_aCruz Pérez, Francisco José. _941842 |
|
| 830 | 0 |
_aBiblioteca Sibila-Fundación BBVA de poesía en español ; _v36 _9191809 |
|
| 852 |
_aES-MaACL _jA-13886 _9193332 _bR.151162 _cDEPO1 _dOlim: N-6886 |
||
| 942 |
_2udc _cMONOGRAFIA |
||
| 999 |
_c186277 _d186277 |
||